Online
Catalog

Portrait of Trujillo / (Record no. 30965)

MARC details
000 -CABECERA
campo de control de longitud fija 00677nam a2200229 a 4500
001 - NÚMERO DE CONTROL
campo de control 000031473
003 - IDENTIFICADOR DEL NÚMERO DE CONTROL
campo de control OSt
005 - FECHA Y HORA DE LA ÚLTIMA TRANSACCIÓN
campo de control 20240409073643.0
008 - DATOS DE LONGITUD FIJA--INFORMACIÓN GENERAL
campo de control de longitud fija 110627t1958 xx 000 0deng d
040 ## - FUENTE DE LA CATALOGACIÓN
Centro catalogador/agencia de origen DO-SdBNP
Lengua de catalogación spa
Centro/agencia transcriptor BNPHU
041 07 - CÓDIGO DE LENGUA
Código de lengua del texto/banda sonora o título independiente eng
049 ## - FONDOS LOCALES (OCLC)
Fondos de biblioteca BNPD
082 74 - NÚMERO DE LA CLASIFICACIÓN DECIMAL DEWEY
Número de clasificación 923.17293053
Número de documento/Ítem T866os
Número de edición 22
100 1# - ENTRADA PRINCIPAL--NOMBRE DE PERSONA
Nombre de persona Osorio Lizarazo, J. A.,
Forma completa/desarrollada del nombre (José Antonio)
Fechas asociadas al nombre 1900-1964
9 (RLIN) 22545
245 10 - MENCIÓN DE TÍTULO
Título Portrait of Trujillo /
Mención de responsabilidad, etc. J. A. Osorio Lizarazo.
260 ## - PUBLICACIÓN, DISTRIBUCIÓN, ETC.
Lugar de publicación, distribución, etc. [s. l. :
Nombre del editor, distribuidor, etc. s. n.],
Fecha de publicación, distribución, etc. 1958.
300 ## - DESCRIPCIÓN FÍSICA
Extensión 141 p ;
Dimensiones 20 cm.
546 ## - NOTA DE LENGUA/LENGUAJE
Nota de lengua/lenguaje Inglés
600 10 - PUNTO DE ACCESO ADICIONAL DE MATERIA--NOMBRE DE PERSONA
Nombre de persona Trujillo Molina, Rafael Leónidas,
Fechas asociadas al nombre 1891-1961
9 (RLIN) 76764
910 ## - DATOS DE OPCIÓN DEL USUARIO (OCLC)
Datos de opción del usuario Validado. Control de calidad EMS.
942 ## - ELEMENTOS DE PUNTO DE ACCESO ADICIONAL (KOHA)
Fuente del sistema de clasificación o colocación Dewey Decimal Classification
Tipo de ítem Koha Libro
Holdings
Estado de retiro Estado de pérdida Fuente del sistema de clasificación o colocación No para préstamo Código de colección Localización permanente Ubicación/localización actual Ubicación en estantería Fecha de adquisición Número de inventario Total de préstamos Signatura topográfica completa Código de barras Fecha visto por última vez Precio válido a partir de Tipo de ítem Koha Nota pública Número de copia
    Dewey Decimal Classification Préstamo en sala Raros y valiosos Biblioteca Nacional Pedro Henríquez Ureña Biblioteca Nacional Pedro Henríquez Ureña Depósito 27.06.2011 LF1   BNPHU DS-RV 923.17293053 T866os 31473-30 25.06.2020 25.06.2020 Préstamo en sala Perteneció a la biblioteca personal de Germán Emilio Ornes. e. 3
    Dewey Decimal Classification Préstamo en sala Raros y valiosos Biblioteca Nacional Pedro Henríquez Ureña Biblioteca Nacional Pedro Henríquez Ureña Depósito 28.07.2011 LF1   BNPHU DS-RV 923.17293053 T866os 31473-40 25.06.2020 25.06.2020 Préstamo en sala   e. 4
    Dewey Decimal Classification Préstamo en sala Raros y valiosos Biblioteca Nacional Pedro Henríquez Ureña Biblioteca Nacional Pedro Henríquez Ureña Depósito 28.07.2011 LF1   BNPHU PD-RV 923.17293053 T866os 31473-50 25.06.2020 25.06.2020 Préstamo en sala   e. 5
    Dewey Decimal Classification Excluido de préstamo Raros y valiosos Patrimonio Dominicano Patrimonio Dominicano Depósito 27.06.2011 LF1   BNPHU PD-RV 923.17293053 T866os 31473-10 25.06.2020 25.06.2020 No se presta Perteneció a la biblioteca personal de Germán Emilio Ornes.  
    Dewey Decimal Classification Excluido de préstamo Raros y valiosos Patrimonio Dominicano Patrimonio Dominicano Depósito 27.06.2011 LF1   BNPHU PD-RV 923.17293053 T866os 31473-20 25.06.2020 25.06.2020 No se presta Perteneció a la biblioteca personal de Germán Emilio Ornes. e. 2

Powered by Koha